书目信息 |
| 题名: |
宝石图鉴
|
|
| 作者: | 张蜜蜜 编著 | |
| 分册: | ||
| 出版信息: | 北京 人民邮电出版社 2016 |
|
| 页数: | 192页 | |
| 开本: | 24cm | |
| 丛书名: | ||
| 单 册: | ||
| 中图分类: | TS933.21 , P578 | |
| 科图分类: | ||
| 主题词: | 宝石--基本知识 , 矿物学P58 | |
| 电子资源: | ||
| ISBN: | 978-7-115-41596-7 | |
| 000 | 00933nam0 2200253 450 | |
| 001 | 2908 | |
| 005 | 20161207092145.37 | |
| 010 | @a978-7-115-41596-7@dCNY68.00 | |
| 100 | @a20160425d2016 em y0chiy50 ea | |
| 101 | 0 | @achi |
| 102 | @aCN@b110000 | |
| 105 | @aa z 000yy | |
| 200 | 1 | @a宝石图鉴@9bao shi tu jian@e你不可不知的171种珍贵宝石@f张蜜蜜编著 |
| 210 | @a北京@c人民邮电出版社@d2016 | |
| 215 | @a192页@d24cm | |
| 330 | @a本书收录全世界171种有机宝石、无机宝石和贵金属,介绍宝石的形成、产地、分类、质量品级、切割形状、晶体形状、光学特性等,并以1000多幅高清彩照,专业文字介绍,让你轻松欣赏、鉴别各类宝石。 | |
| 517 | 1 | @a你不可不知的171种珍贵宝石@9ni bu ke bu zhi de 171 zhong zhen gui bao shi |
| 606 | 0 | @a宝石@x基本知识 |
| 606 | 0 | @a矿物学P58 |
| 690 | @aTS933.21@v5 | |
| 690 | @aP578@v4 | |
| 701 | 0 | @a张蜜蜜@9zhang mi mi@4编著 |
| 801 | 0 | @aCN@b大连网信软件有限公司图书馆·11@c20161207 |
| 905 | @aZUCC@dTS933.21@e51 | |
| 宝石图鉴:你不可不知的171种珍贵宝石/张蜜蜜编著.-北京:人民邮电出版社,2016 |
| 192页;24cm |
| ISBN 978-7-115-41596-7:CNY68.00 |
| 本书收录全世界171种有机宝石、无机宝石和贵金属,介绍宝石的形成、产地、分类、质量品级、切割形状、晶体形状、光学特性等,并以1000多幅高清彩照,专业文字介绍,让你轻松欣赏、鉴别各类宝石。 |
| ● |
| 相关链接 |
|
|
|
|
正题名:宝石图鉴
索取号:TS933.21/51
 
预约/预借
| 序号 | 登录号 | 条形码 | 馆藏地/架位号 | 状态 | 备注 |
| 1 | 911579 | 209115795 | 第二样本阅览室/ [索取号:TS933.21/51] | 在馆 | |
| 2 | 911580 | 209115802 | 第三借阅区/ [索取号:TS933.21/51] | 在馆 | |
| 3 | 911581 | 209115811 | 第三借阅区/ [索取号:TS933.21/51] | 在馆 | |
| 4 | 911582 | 209115820 | 第三借阅区/ [索取号:TS933.21/51] | 在馆 | |
| 5 | 911583 | 209115839 | 第三借阅区/ [索取号:TS933.21/51] | 在馆 |